Making a poem: an inquiry into the Creative process

Uloženo v:
Podrobná bibliografie
Hlavní autor: Cane, Melville
Médium: Kniha
Jazyk:Undetermined
Vydáno: New York, Estados Unidos Harcourt, Brace & World 1962
Témata:
Tagy: Přidat tag
Žádné tagy, Buďte první, kdo vytvoří štítek k tomuto záznamu!

MARC

LEADER 00000nam a2200000Ia 4500
008 170316s9999 xx 000 0 und d
999 |c 5524  |d 5524 
040 |a cru BVZT 
090 |a 810 C-4m 
100 |a Cane, Melville 
245 |a Making a poem: an inquiry into the Creative process  |c  / Melville Cane 
260 |a New York, Estados Unidos  |b Harcourt, Brace & World  |c 1962 
300 |a 128 páginas 
650 |a LITERATURA ESTADOUNIDENSE  |9 25 
942 |c 15 D  |h 810 C-4m  |2 z